Statistics for Mario strikers charged characters

Click here to take the quiz!

General Stats

  • This quiz has been taken 20 times
  • The average score is 16 of 20

Answer Stats

Answer% Correct
Daisy
100%
Luigi
100%
Mario
100%
Peach
100%
Waluigi
100%
Wario
100%
Bowser
93%
Donkey Kong
93%
Birdo
86%
Bowser.Jr
86%
Diddy Kong
86%
Toad
86%
Yoshi
86%
Dry Bones
79%
Koopa Troopa
79%
Boo
71%
Hammer Bro
57%
Petey
57%
Shy Guy
43%
Monti Mole
21%

Score Distribution

Percentile by Number Answered

Percent of People with Each Score

Your Score History

You have not taken this quiz